| 000 | 00578nam a2200145 a 4500 | ||
|---|---|---|---|
| 245 | 0 | 0 |
_aParking in the city center / _cprepared by Wilbur Smith and Associates under commission from the Automobile Manufacturers Association. |
| 260 |
_aNew Haven, Conn. : _bWilbur Smith and Associates, _c[1965] |
||
| 300 |
_axiv, 147 p. : _bill. (some col.), maps (some col.) ; _c26 cm. |
||
| 500 | _a"May, 1965." | ||
| 500 | _aIncludes index. | ||
| 526 |
_a0 _b0 _c0 |
||
| 710 | 2 |
_aAutomobile Manufacturers Association. _938788 |
|
| 710 | 2 |
_aWilbur Smith and Associates. _938601 |
|
| 942 |
_2ddc _cBK |
||
| 999 |
_c543430 _d543430 |
||